| 000 | 00799cam a22002054a 4500 | ||
|---|---|---|---|
| 005 | 20250605164048.0 | ||
| 008 | 250528s ||||||||||||||||||||||||d | ||
| 035 | _a17190 | ||
| 020 | _a27370642 | ||
| 040 |
_aGR-AtMCL _bgre _dGR-AtMCL _eAACR2 |
||
| 245 | 1 | _aStrategic Entrepreneurship / Fourth Edition | |
| 250 | _a4th | ||
| 260 |
_bPrentice Hall, _c2006 |
||
| 300 | _a614 | ||
| 520 | _aThis book has been written for those studying entrepreneurship as part of any degree or management course. The Entrepreneur as an Individual, The Entrepreneur in the Macroeconomic Environment, The Entrepreneurial Process and New Venture Creation, Choosing a Direction, Initiating and Developing the New Venture. | ||
| 700 | 1 |
_aWickham Philip _91432 |
|
| 942 | _cBK | ||
| 999 |
_c2624 _d2624 |
||